Optimalizácia kinematiky a dynamická analýza 6-kolesového traktora

Gespeichert in:
Bibliographische Detailangaben
1. Verfasser: Záhorec, Ľubomír, 1985- (Verfasst von)
Weitere Verfasser: Hók, Vendelín, 1981- (Betreuung Doktorarbeit)
Format: Manuskript Buch
Sprache:Slowakisch
Veröffentlicht: Bratislava : STU v Bratislave SjF, 2010
Schlagworte:
Online-Zugang:VAIS
Tags: Tag hinzufügen
Keine Tags, Fügen Sie das erste Tag hinzu!

MARC

LEADER 00000ntm a22000003a 4500
001 stu218703
005 20150617230112.9
008 101207s2010----xo------------------slo-d
040 |a STU  |b slo 
041 0 |a slo 
044 |a xo 
100 1 |a Záhorec, Ľubomír,  |d 1985-  |4 aut  |u J  |T SjF Strojnícka fakulta  |X 40939  |U J  |Y 20  |7 A000040939 
242 0 0 |a Optimisation of Kinematics and Dynamic Analysis of 6-wheel Tractor  |y eng 
245 1 |a Optimalizácia kinematiky a dynamická analýza 6-kolesového traktora 
260 |a Bratislava :  |b STU v Bratislave SjF,  |c 2010 
650 7 |a aplikovaná mechanika  |2 stusub 
650 7 |a Applied Mechanics  |2 estusub 
650 7 |a mechanizmus riadenia  |2 stusub 
650 7 |a traktor  |2 stusub 
650 7 |a steering mechanism  |2 estusub 
650 7 |a tractor  |2 estusub 
700 1 |a Hók, Vendelín,  |d 1981-  |4 ths  |u J0010  |U SjF Strojnícka fakulta  |T SjF Ústav aplikovanej mechaniky a mechatroniky  |X 10342  |U J0010  |Y 801  |7 A000010342 
856 4 |a info a plný text  |u http://is.stuba.sk/zp/portal_zp.pl?podrobnosti=62808  |3 VAIS